|
|
|
|
| LEADER |
00000nam a2200000 a 4500 |
| 001 |
vtls001414600 |
| 003 |
SK-MaSNL |
| 005 |
20260302035139.0 |
| 008 |
240314s1971 xx 0 und |
| 035 |
|
|
|a SNK000369326
|
| 040 |
|
|
|a SNK
|b slo
|c SNK
|e AACR2
|
| 100 |
1 |
|
|a Doležal, Jiří,
|d 1925-1991
|4 aut
|9 110861
|
| 245 |
1 |
0 |
|a Zlatá Praha
|
| 260 |
|
|
|a Praha
|b Olympia
|c 1971
|
| 300 |
|
|
|a 148 s.
|
| 958 |
|
|
|a OND
|
| 999 |
|
|
|c 1069457
|d 1071387
|
| 952 |
|
|
|t P60, <04>, [BOOK], {604}
|a SNK
|b SNK
|y VYP
|7 0
|p 17A0301314
|o snkIB 25940 D1
|0 0
|1 1
|4 0
|d 2001-06-06
|l 0
|r 2005-01-02 00:00:00
|w 2026-02-24
|
| 952 |
|
|
|t P60, <04>, [BOOK], {604}
|a SNK
|b SNK
|y VYP
|7 0
|p 17A0327122
|o snkIB 25940
|i snkKIP 7942/71
|0 0
|1 0
|4 0
|d 2002-01-03
|l 0
|r 2005-01-02 00:00:00
|w 2026-02-24
|